|
|
|
|
| LEADER |
00000cam a2200000 a 4500 |
| 001 |
UCD0783 |
| 003 |
CL-VaPUC |
| 008 |
151218e20140000bl |||||||||||||||||por|d |
| 020 |
|
|
|a 9788574785691
|
| 082 |
0 |
4 |
|a 770.9
|b LIS
|2 21
|
| 100 |
|
|
|a Lissovsky, Mauricio
|e autor
|9 583809
|
| 245 |
1 |
0 |
|a Pausas do destino: teoría, arte e história da fotografia
|
| 250 |
|
|
|a 1a. ed
|
| 300 |
|
|
|a 214 p
|
| 942 |
|
|
|c BK
|
| 945 |
|
|
|d 20151218 14:15:00
|a dcastane
|
| 260 |
|
|
|a Río de Janeiro
|b Mauad
|c 2014
|
| 650 |
|
0 |
|a Historia de la fotografía
|9 494165
|
| 650 |
|
0 |
|a Fotógrafos
|9 327623
|
| 583 |
|
|
|a last modification
|c 20151218 14:15:00
|k Rodrigo Vera
|
| 999 |
|
|
|c 362236
|d 362234
|
| 952 |
|
|
|0 0
|1 0
|3 erb
|4 0
|6 770_900000000000000_LIS_2014
|7 0
|8 A
|9 473235
|a BIBART
|b BIBART
|i 5257344
|o 770.9 LIS 2014
|p 5257344
|r 2025-03-13
|w 2019-11-24
|y BK
|z Catalogado en:20151218
|k ART
|